000 00294nam a2200133 4500
008 170125s ||||xo d
245 1 0 _aSv. Ludovít Mária Grignion z Monfortu
250 _a2. vydanie
300 _a426 s.
020 _c0
041 1 _aslo
044 _axo
_cSK
958 _aA
999 _c21219
_d21219